| 000 | 00400nam a2200157Ia 4500 | ||
|---|---|---|---|
| 008 | 180424s9999 xx 000 0 und d | ||
| 040 | _aPK-NaQUE | ||
| 100 | _a09ME24 | ||
| 100 | _aZohaib Khalid | ||
| 245 | 0 | _aDevelopment and Testing of Foot Step Energy Generator | |
| 260 | _aNawabshah | ||
| 260 | _bQUEST | ||
| 260 | _c2009 | ||
| 300 | _a58 | ||
| 700 | _aDepartment of Mechanical Engineering | ||
| 999 |
_c58550 _d58547 |
||